| 000 | 00669nam a2200217 a 4500 | ||
|---|---|---|---|
| 001 | 4828339 | ||
| 005 | 20180103043153.0 | ||
| 008 | 891214s1989 dcu 000 0 eng | ||
| 010 | _a 89216462 | ||
| 020 | _a091040285X | ||
| 040 |
_aDLC _cDLC |
||
| 041 | _aeng | ||
| 080 | _a362.1 | ||
| 082 | 0 | 0 |
_a362.1 MCC _220 |
| 100 | 1 | _a4 | |
| 101 | _aSHM | ||
| 245 | 1 | 0 |
_aConfronting AIDS on the campus and in the classroom : _cby Jackie R. McClain and Tom E. Matteoli. |
| 906 |
_a7 _bcbc _corignew _d2 _encip _f19 _gy-gencatlg |
||
| 942 |
_2ddc _cBK |
||
| 999 |
_c39619 _d39619 |
||